[Event "32. Copenhagen Open (Politiken Cup)"]
[Site "Elsinore"]
[Date "2010.08.05"]
[Round "7"]
[White "Schmidt, Horst Hubert"]
[Black "Bratteteig, Tore Inge"]
[Result "1-0"]
[WhiteElo "1878"]
[BlackElo "1671"]
[PlyCount "85"]
[EventDate "2010.07.31"]
[EventType "swiss"]
[EventRounds "10"]
[EventCountry "DEN"]
[Source "ChessBase"]
[SourceDate "2010.09.01"]

1. e4 e6 2. d4 d5 3. e5 c5 4. c3 Nc6 5. Be3 Qb6 6. Qd2 cxd4 7. cxd4 Bd7 8. Nc3
f6 9. f4 f5 10. Nf3 Nh6 11. h3 Be7 12. Be2 g6 13. O-O Nf7 14. a3 Na5 15. Rab1
Nb3 16. Qd1 h6 17. a4 a6 18. Nb5 Na5 19. Nc3 Nb3 20. Bb5 Na5 21. Bxd7+ Kxd7 22.
b4 Nc4 23. Bf2 g5 24. a5 Qc7 25. Qa4+ Qc6 26. b5 axb5 27. Rxb5 Kc7 28. Rfb1
Rhb8 29. Qa1 Ra7 30. Na4 Kd7 31. Nb6+ Nxb6 32. Rxb6 Qc8 33. Qa4+ Kd8 34. a6 Qc7
35. Rxe6 bxa6 36. Rxb8+ Qxb8 37. Qa5+ Ke8 38. Qxd5 a5 39. Qc6+ Kf8 40. d5 Rb7
41. d6 Nd8 42. dxe7+ Rxe7 43. Rf6+ 1-0

[Event "32. Copenhagen Open (Politiken Cup)"]
[Site "Elsinore"]
[Date "2010.08.05"]
[Round "7"]
[White "Schmied, Andreas"]
[Black "Schmitt, Carsten"]
[Result "1/2-1/2"]
[WhiteElo "2069"]
[BlackElo "1933"]
[PlyCount "137"]
[EventDate "2010.07.31"]
[EventType "swiss"]
[EventRounds "10"]
[EventCountry "DEN"]
[Source "ChessBase"]
[SourceDate "2010.09.01"]

1. d4 d5 2. c4 e6 3. Nf3 c6 4. e3 Nd7 5. b3 Bd6 6. Bb2 f5 7. Bd3 Ngf6 8. O-O
O-O 9. Ba3 Bxa3 10. Nxa3 Ne4 11. Ne5 Nxe5 12. dxe5 Qa5 13. Qc1 Rd8 14. Qb2 Ng5
15. Rfd1 Nf7 16. f4 Qc5 17. Nc2 a5 18. Qa3 Qxa3 19. Nxa3 Bd7 20. Rac1 Kf8 21.
Kf2 Ke7 22. Ke2 Rg8 23. Rg1 g5 24. g3 h5 25. h3 Rg7 26. Kf2 Rag8 27. Be2 Rh8
28. Nc2 g4 29. Rh1 Rgh7 30. Rh2 h4 31. Rch1 hxg3+ 32. Kxg3 gxh3 33. Rxh3 Rg7+
34. Kf2 Rhg8 35. Ne1 b5 36. Rh7 b4 37. Rxg7 Rxg7 38. Nf3 Rg8 39. Rh7 Rh8 40.
Rg7 Kf8 41. Rg1 Ke7 42. Rc1 Rc8 43. Ne1 Nd8 44. Nd3 Nb7 45. Bf3 Kf8 46. Ke2 Ke7
47. Kd2 Kd8 48. Rc2 Rc7 49. Kc1 Kc8 50. Kb2 Kb8 51. Rc1 Rc8 52. cxd5 cxd5 53.
Rxc8+ Kxc8 54. a3 bxa3+ 55. Kxa3 Bb5 56. Ne1 Kc7 57. Nc2 Be8 58. Nd4 Bf7 59.
Kb2 Kb6 60. Be2 Kc5 61. Kc3 Bg8 62. Nf3 Nd8 63. Ng5 Nc6 64. Nf3 Bf7 65. Ba6 Kb6
66. Bf1 Kc5 67. Nd4 Nxd4 68. exd4+ Kb6 69. Be2 1/2-1/2

[Event "32. Copenhagen Open (Politiken Cup)"]
[Site "Elsinore"]
[Date "2010.08.05"]
[Round "7"]
[White "Seirup, Simon"]
[Black "Christiansen, Johan Sebastian"]
[Result "0-1"]
[WhiteElo "1653"]
[BlackElo "1921"]
[PlyCount "74"]
[EventDate "2010.07.31"]
[EventType "swiss"]
[EventRounds "10"]
[EventCountry "DEN"]
[Source "ChessBase"]
[SourceDate "2010.09.01"]

1. e4 d5 2. exd5 Nf6 3. Bc4 Nxd5 4. Bxd5 Qxd5 5. Nf3 Bg4 6. Nc3 Qh5 7. d4 e6 8.
Bf4 Bd6 9. Bxd6 cxd6 10. d5 e5 11. Ne4 Qg6 12. Qd3 O-O 13. Nfd2 Bf5 14. Rg1 Na6
15. f3 Nb4 16. Qb3 a5 17. c3 Nd3+ 18. Kf1 Rfb8 19. Qb5 Nf4 20. g4 Bxe4 21. Nxe4
Qh6 22. Rh1 Qh3+ 23. Kf2 Qg2+ 24. Ke3 a4 25. Rag1 Ra5 26. Qc4 Qxb2 27. Rb1 Ng2+
28. Kd3 Rxd5+ 29. Qxd5 Nf4+ 30. Kc4 b5+ 31. Qxb5 Qe2+ 32. Kb4 Rxb5+ 33. Ka3 Qc4
34. Rxb5 Qxb5 35. Nxd6 Qc5+ 36. Kxa4 Qxd6 37. Rb1 f6 0-1

[Event "32. Copenhagen Open (Politiken Cup)"]
[Site "Elsinore"]
[Date "2010.08.05"]
[Round "7"]
[White "Sjol, Henrik"]
[Black "Mortensen, Henrik"]
[Result "0-1"]
[WhiteElo "1849"]
[BlackElo "2003"]
[PlyCount "80"]
[EventDate "2010.07.31"]
[EventType "swiss"]
[EventRounds "10"]
[EventCountry "DEN"]
[Source "ChessBase"]
[SourceDate "2010.09.01"]

1. d4 c5 2. e3 cxd4 3. exd4 d5 4. Bd3 Nc6 5. c3 Qc7 6. Nd2 g6 7. Ngf3 Bg7 8.
O-O Nh6 9. Re1 O-O 10. Nf1 f6 11. Ne3 Be6 12. Bd2 Rab8 13. Rc1 Qd7 14. Qc2 Bf7
15. Nf1 Rfe8 16. Rcd1 Rbc8 17. Qb1 e5 18. dxe5 fxe5 19. Ng5 e4 20. Bc2 Ng4 21.
Be3 Nxe3 22. Nxe3 Re5 23. Nxf7 Qxf7 24. Rxd5 Rf8 25. Rf1 Kh8 26. Rxe5 Bxe5 27.
Bxe4 Bb8 28. g3 Ne5 29. f4 Nc6 30. Rd1 Qe6 31. Re1 Re8 32. Bd5 Qd6 33. Bxc6
Qxc6 34. Qd3 Bc7 35. Qd4+ Kg8 36. Kf1 Qf3+ 37. Kg1 Bb6 38. Qc4+ Kh8 39. Re2
Bxe3+ 40. Rxe3 Qxe3+ 0-1

[Event "32. Copenhagen Open (Politiken Cup)"]
[Site "Elsinore"]
[Date "2010.08.05"]
[Round "7"]
[White "Skjoldager, Flemming"]
[Black "Rodvik, Trym Daniel"]
[Result "1/2-1/2"]
[WhiteElo "2006"]
[BlackElo "1750"]
[PlyCount "31"]
[EventDate "2010.07.31"]
[EventType "swiss"]
[EventRounds "10"]
[EventCountry "DEN"]
[Source "ChessBase"]
[SourceDate "2010.09.01"]

1. c4 Nf6 2. g3 e6 3. Bg2 d5 4. cxd5 exd5 5. Nf3 Bd6 6. Nc3 O-O 7. O-O c6 8. d3
Re8 9. Rb1 b6 10. b4 Qe7 11. Qb3 Bb7 12. b5 c5 13. Nh4 Qe6 14. Bg5 Nbd7 15.
Rfe1 Be5 16. Nf3 1/2-1/2

[Event "32. Copenhagen Open (Politiken Cup)"]
[Site "Elsinore"]
[Date "2010.08.05"]
[Round "7"]
[White "Skjoldager, Mikael"]
[Black "Satre, Roger"]
[Result "1-0"]
[WhiteElo "1978"]
[BlackElo "1801"]
[PlyCount "105"]
[EventDate "2010.07.31"]
[EventType "swiss"]
[EventRounds "10"]
[EventCountry "DEN"]
[Source "ChessBase"]
[SourceDate "2010.09.01"]

1. e4 e6 2. d4 d5 3. Nc3 Bb4 4. e5 c5 5. a3 Bxc3+ 6. bxc3 Ne7 7. Qg4 Qc7 8.
Qxg7 Rg8 9. Qxh7 cxd4 10. Ne2 Nbc6 11. f4 Bd7 12. Qd3 dxc3 13. Qxc3 O-O-O 14.
Rb1 Nf5 15. Rg1 Rh8 16. h3 Rdg8 17. g4 Nh4 18. Rg3 Rg7 19. Be3 b6 20. Nd4 Nxd4
21. Ba6+ Kd8 22. Qxc7+ Kxc7 23. Bxd4 Kb8 24. Bc5 Ka8 25. Bd6 Nf5 26. Rc3 Nxd6
27. exd6 Kb8 28. Kf2 Bc8 29. Bxc8 Rxc8 30. Rbb3 Rgg8 31. Ke3 Rgd8 32. Rxc8+
Kxc8 33. Rc3+ Kd7 34. Rc7+ Kxd6 35. Rxf7 Rh8 36. g5 Rxh3+ 37. Kf2 Rh2+ 38. Kf3
Rxc2 39. g6 Rc8 40. g7 Rg8 41. Rxa7 Kc5 42. Ke3 b5 43. Kd3 Kd6 44. Kd4 Rb8 45.
Ra6+ Ke7 46. Ke5 Kf7 47. Ra7+ Kg8 48. Kxe6 d4 49. Rd7 d3 50. f5 Re8+ 51. Kf6
Rb8 52. Kg6 d2 53. f6 1-0

[Event "32. Copenhagen Open (Politiken Cup)"]
[Site "Elsinore"]
[Date "2010.08.05"]
[Round "7"]
[White "Skjoldager, Per"]
[Black "Andersen, Daniel"]
[Result "1/2-1/2"]
[WhiteElo "2137"]
[BlackElo "1926"]
[PlyCount "103"]
[EventDate "2010.07.31"]
[EventType "swiss"]
[EventRounds "10"]
[EventCountry "DEN"]
[Source "ChessBase"]
[SourceDate "2010.09.01"]

1. e4 e6 2. d3 d5 3. Nd2 c5 4. g3 Nc6 5. Bg2 g6 6. Ngf3 Bg7 7. O-O Nge7 8. Re1
O-O 9. Nf1 h6 10. h4 e5 11. exd5 Nxd5 12. Ne3 Nxe3 13. Bxe3 Nd4 14. Nd2 Rb8 15.
Ne4 b6 16. Qd2 Kh7 17. Rf1 Ne6 18. f4 f5 19. Nc3 exf4 20. Bxf4 Nxf4 21. Qxf4
Bb7 22. Rae1 Qd4+ 23. Kh2 Bxg2 24. Kxg2 Rbe8 25. Qc7 Qb4 26. h5 Qxb2 27. Rxe8
Rxe8 28. Qf7 Rf8 29. Qxg6+ Kh8 30. Nd5 Qxc2+ 31. Rf2 Qxd3 32. Qd6 Qe4+ 33. Kh2
Qe5 34. Qd7 Qe8 35. Qxa7 Qxh5+ 36. Kg2 Qf7 37. Qxf7 Rxf7 38. Nxb6 Bd4 39. Re2
Ra7 40. Nc4 Kg7 41. Nd6 Kf6 42. Nb5 Rd7 43. Nxd4 cxd4 44. Kf3 Kg5 45. a4 d3 46.
Rd2 h5 47. a5 Rd5 48. a6 Ra5 49. Rxd3 Rxa6 50. Rb3 Re6 51. Ra3 Re4 52. Ra8
1/2-1/2

[Event "32. Copenhagen Open (Politiken Cup)"]
[Site "Elsinore"]
[Date "2010.08.05"]
[Round "7"]
[White "Skovgaard, Peter Nicolai"]
[Black "Hyldkrog, Lars"]
[Result "1-0"]
[WhiteElo "2299"]
[BlackElo "2044"]
[PlyCount "79"]
[EventDate "2010.07.31"]
[EventType "swiss"]
[EventRounds "10"]
[EventCountry "DEN"]
[Source "ChessBase"]
[SourceDate "2010.09.01"]

1. e4 e6 2. d4 d5 3. Nc3 Nf6 4. e5 Nfd7 5. f4 c5 6. Nf3 Nc6 7. Be3 Qb6 8. a3
cxd4 9. Nxd4 a6 10. Be2 Bc5 11. Na4 Qa5+ 12. c3 Nxd4 13. b4 Qd8 14. Bxd4 Bxd4
15. cxd4 O-O 16. O-O f5 17. Nc5 Nxc5 18. dxc5 Bd7 19. a4 Qe7 20. Qd4 Rfc8 21.
Rfc1 Rc7 22. h3 Qe8 23. b5 axb5 24. axb5 Rxa1 25. Qxa1 Rc8 26. Qa5 Ra8 27. Qb6
Ra2 28. Bf1 Qa8 29. c6 bxc6 30. bxc6 Bc8 31. Qd8+ Kf7 32. Qc7+ Kg6 33. Kh1 Ra1
34. Rc3 Rxf1+ 35. Kh2 Kh6 36. Qe7 g6 37. Qf8+ Kh5 38. Rg3 Qa1 39. Rg5+ Kh4 40.
g3# 1-0

[Event "32. Copenhagen Open (Politiken Cup)"]
[Site "Elsinore"]
[Date "2010.08.05"]
[Round "7"]
[White "Solli, Oddvar"]
[Black "Jensen, Hans Askov"]
[Result "1/2-1/2"]
[WhiteElo "1914"]
[BlackElo "1600"]
[PlyCount "48"]
[EventDate "2010.07.31"]
[EventType "swiss"]
[EventRounds "10"]
[EventCountry "DEN"]
[Source "ChessBase"]
[SourceDate "2010.09.01"]

1. d4 Nf6 2. c4 c5 3. d5 d6 4. Nc3 Qa5 5. Nf3 g6 6. Bd2 Qb6 7. e4 Bg4 8. Qa4+
Nbd7 9. Nb5 Qd8 10. Ba5 b6 11. Bc3 Bxf3 12. gxf3 Bg7 13. Qa6 O-O 14. Be2 Qc8
15. Qxc8 Rfxc8 16. O-O a6 17. Na3 e6 18. dxe6 fxe6 19. Rad1 Rc6 20. f4 Nxe4 21.
Bxg7 Kxg7 22. Bf3 Ndf6 23. Rfe1 d5 24. Nc2 Rcc8 1/2-1/2

[Event "32. Copenhagen Open (Politiken Cup)"]
[Site "Elsinore"]
[Date "2010.08.05"]
[Round "7"]
[White "Thingstad, Even"]
[Black "Jepson, Christian"]
[Result "0-1"]
[WhiteElo "2142"]
[BlackElo "2394"]
[PlyCount "120"]
[EventDate "2010.07.31"]
[EventType "swiss"]
[EventRounds "10"]
[EventCountry "DEN"]
[Source "ChessBase"]
[SourceDate "2010.09.01"]

1. d4 Nf6 2. c4 e6 3. Nc3 d5 4. cxd5 exd5 5. Bg5 Nbd7 6. e3 Be7 7. Bd3 O-O 8.
Qc2 h6 9. Bh4 Nb6 10. Nge2 Re8 11. O-O Nh5 12. Bxe7 Qxe7 13. a3 c6 14. Na4 Nxa4
15. Qxa4 Qg5 16. Qc2 Bh3 17. Ng3 Nxg3 18. hxg3 Bd7 19. b4 h5 20. a4 Rac8 21.
Rfc1 h4 22. gxh4 Qxh4 23. Bf5 Be6 24. Bxe6 Rxe6 25. Qf5 Rce8 26. g3 Qe7 27.
Rab1 Rf6 28. Qd3 Qd7 29. b5 Qg4 30. bxc6 bxc6 31. Rb7 Qf3 32. Qf1 Rxe3 33. Qg2
Qxg2+ 34. Kxg2 Re2 35. Rf1 a5 36. Ra7 Rd2 37. Rxa5 Rxd4 38. Ra8+ Kh7 39. a5 Ra4
40. a6 Ra2 41. a7 Kg6 42. Kg1 Rd6 43. Rc1 Kf5 44. Kg2 d4 45. Rc5+ Kf6 46. Rc8
Rxa7 47. R8xc6 Rxc6 48. Rxc6+ Ke5 49. Kf3 Kd5 50. Rc8 Re7 51. g4 d3 52. Kg2 Kd4
53. Kf1 d2 54. Rd8+ Kc3 55. Rc8+ Kd3 56. Rd8+ Kc2 57. Rc8+ Kd1 58. f3 Ra7 59.
Kf2 Ra2 60. Rd8 Kc1 0-1

[Event "32. Copenhagen Open (Politiken Cup)"]
[Site "Elsinore"]
[Date "2010.08.05"]
[Round "7"]
[White "Tozaki, Halil"]
[Black "Nielsen, John Bauneborg"]
[Result "1/2-1/2"]
[WhiteElo "2030"]
[BlackElo "2139"]
[PlyCount "68"]
[EventDate "2010.07.31"]
[EventType "swiss"]
[EventRounds "10"]
[EventCountry "DEN"]
[Source "ChessBase"]
[SourceDate "2010.09.01"]

1. d4 d6 2. Nf3 g6 3. c4 Bg7 4. Nc3 f5 5. g3 Nf6 6. Bg2 O-O 7. O-O Nc6 8. b3 e5
9. dxe5 dxe5 10. e4 Qe7 11. Bg5 Be6 12. exf5 gxf5 13. Nh4 e4 14. Nd5 Qf7 15.
Bxf6 Bxf6 16. Nxf6+ Qxf6 17. Qh5 Nd4 18. f4 Bf7 19. Qg5+ Qxg5 20. fxg5 Bh5 21.
h3 Be2 22. Rf2 Bd3 23. Re1 Rae8 24. Bf1 e3 25. Rf4 e2 26. Rxd4 exf1=Q+ 27. Rxf1
Bxf1 28. Kxf1 Re4 29. Rd7 f4 30. g4 f3 31. Nf5 Rfe8 32. Nh6+ Kh8 33. Nf7+ Kg8
34. Nh6+ Kh8 1/2-1/2

[Event "32. Copenhagen Open (Politiken Cup)"]
[Site "Elsinore"]
[Date "2010.08.05"]
[Round "7"]
[White "Traerup, Jorgen"]
[Black "Greeuw, Sietske"]
[Result "0-1"]
[WhiteElo "1742"]
[BlackElo "1970"]
[PlyCount "100"]
[EventDate "2010.07.31"]
[EventType "swiss"]
[EventRounds "10"]
[EventCountry "DEN"]
[Source "ChessBase"]
[SourceDate "2010.09.01"]

1. d4 Nf6 2. c4 c5 3. Nf3 cxd4 4. Nxd4 Nc6 5. Nc3 g6 6. g3 d6 7. Bg2 Bd7 8. O-O
Bg7 9. Nxc6 Bxc6 10. Bg5 Rc8 11. Qd2 Bxg2 12. Kxg2 Rxc4 13. b3 Rc6 14. Rac1 O-O
15. Nb5 Qb6 16. Rxc6 Qxc6+ 17. f3 Qxb5 18. Be3 a6 19. Rc1 Qd7 20. a4 Rc8 21.
Rd1 Qe6 22. Qd3 Nd7 23. Bd2 Nc5 24. Qe3 Qxe3 25. Bxe3 Nxb3 26. Rb1 Rc3 27. Kf2
d5 28. g4 d4 29. Bg5 f6 30. Bf4 e5 31. Bg3 Bh6 32. h4 Be3+ 33. Kg2 Nc5 34. Be1
Rc1 35. Rxc1 Bxc1 36. a5 Nb3 37. Kg3 Bd2 38. Bf2 Nxa5 39. h5 b5 40. hxg6 hxg6
41. g5 Bxg5 42. Be1 Nc4 43. Kg4 a5 44. f4 Bxf4 45. Kf3 f5 46. e3 Bxe3 47. Ke2
b4 48. Kd3 b3 49. Kxc4 b2 50. Bxa5 b1=Q 0-1

[Event "32. Copenhagen Open (Politiken Cup)"]
[Site "Elsinore"]
[Date "2010.08.05"]
[Round "7"]
[White "Wimo, Jorgen"]
[Black "Christensen, Anders"]
[Result "0-1"]
[WhiteElo "1807"]
[BlackElo "1971"]
[PlyCount "74"]
[EventDate "2010.07.31"]
[EventType "swiss"]
[EventRounds "10"]
[EventCountry "DEN"]
[Source "ChessBase"]
[SourceDate "2010.09.01"]

1. e4 d6 2. d4 Nf6 3. Nc3 g6 4. Nf3 Bg7 5. Bc4 O-O 6. O-O c6 7. e5 Ng4 8. h3
Nh6 9. Bg5 d5 10. Bd3 Kh8 11. Qd2 Ng8 12. Rae1 b6 13. Ne2 c5 14. c3 f6 15. exf6
exf6 16. Bf4 Nc6 17. h4 Bg4 18. dxc5 Bxf3 19. gxf3 bxc5 20. Bb5 Ne5 21. Bxe5
fxe5 22. Kg2 Bh6 23. Qd1 Rb8 24. c4 Rb6 25. Nc3 e4 26. Qxd5 exf3+ 27. Kh3 Rd6
28. Qe5+ Bg7 29. Qxc5 Rf4 30. Qg5 Qc8+ 31. Kg3 Rf5 32. Qe3 Be5+ 33. Qxe5+ Rxe5
34. Rxe5 Nf6 35. Kxf3 Qg4+ 36. Ke3 Qd4+ 37. Kf3 Qxe5 0-1

[Event "32. Copenhagen Open (Politiken Cup)"]
[Site "Elsinore"]
[Date "2010.08.05"]
[Round "7"]
[White "Zachariassen, John"]
[Black "Fyhn, Thomas Rossander"]
[Result "1-0"]
[WhiteElo "1970"]
[BlackElo "1715"]
[PlyCount "111"]
[EventDate "2010.07.31"]
[EventType "swiss"]
[EventRounds "10"]
[EventCountry "DEN"]
[Source "ChessBase"]
[SourceDate "2010.09.01"]

1. c4 c5 2. Nf3 Nf6 3. g3 g6 4. Bg2 Bg7 5. O-O O-O 6. Nc3 Nc6 7. d3 d6 8. Rb1
Rb8 9. e4 Bd7 10. h3 a6 11. a4 Re8 12. Kh2 e6 13. Nh4 Qc7 14. f4 Ne7 15. Bf3
Bc6 16. Ng2 Rf8 17. Bd2 Nd7 18. Qe2 Rbe8 19. Ne3 f5 20. Qg2 Rb8 21. Rfe1 Nf6
22. Rf1 fxe4 23. dxe4 Nd7 24. Rbd1 Rbc8 25. b3 Rf7 26. Be1 Rd8 27. Qd2 Nf6 28.
Qc2 Ne8 29. Qd3 Kh8 30. Bg4 Bd7 31. f5 h5 32. fxe6 Rxf1 33. Qxf1 hxg4 34. Ncd5
Nxd5 35. Nxd5 Qc6 36. exd7 Qxd7 37. Ba5 Rb8 38. Qd3 Be5 39. Nf4 Qf7 40. Rf1
gxh3 41. Bc3 Bxc3 42. Qxc3+ Kh7 43. Qd3 Rd8 44. Nxh3 Qe7 45. Rf7+ Qxf7 46. Ng5+
Kg7 47. Nxf7 Kxf7 48. Qd5+ Ke7 49. e5 dxe5 50. Qxe5+ Kf7 51. Qxc5 Nf6 52. Qb6
Rd7 53. Kg2 Rd2+ 54. Kf3 Rd3+ 55. Ke2 Rxg3 56. Qc7+ 1-0

[Event "32. Copenhagen Open (Politiken Cup)"]
[Site "Elsinore"]
[Date "2010.08.06"]
[Round "8"]
[White "Aagaard, Jacob"]
[Black "Larsen, Karsten"]
[Result "1/2-1/2"]
[WhiteElo "2542"]
[BlackElo "2293"]
[PlyCount "51"]
[EventDate "2010.07.31"]
[EventType "swiss"]
[EventRounds "10"]
[EventCountry "DEN"]
[Source "ChessBase"]
[SourceDate "2010.09.01"]

1. e4 e5 2. f4 exf4 3. Nf3 d5 4. exd5 Nf6 5. c4 c6 6. Nc3 Bd6 7. dxc6 Nxc6 8.
d4 O-O 9. Be2 Bg4 10. O-O Rc8 11. c5 Bb8 12. d5 Nb4 13. d6 Rxc5 14. Bxf4 Nbd5
15. Nxd5 Rxd5 16. Qb3 Bxd6 17. Bxd6 Qxd6 18. Qxb7 Re8 19. Rae1 Qc5+ 20. Kh1 Bc8
21. Qb3 Ne4 22. Qc4 Bb7 23. Qxc5 Rxc5 24. Bd3 g6 25. Kg1 f5 26. Rc1 1/2-1/2

[Event "32. Copenhagen Open (Politiken Cup)"]
[Site "Elsinore"]
[Date "2010.08.06"]
[Round "8"]
[White "Andersen, Dag"]
[Black "Jorgensen, Carina Eilegaard"]
[Result "0-1"]
[WhiteElo "1899"]
[BlackElo "2038"]
[PlyCount "94"]
[EventDate "2010.07.31"]
[EventType "swiss"]
[EventRounds "10"]
[EventCountry "DEN"]
[Source "ChessBase"]
[SourceDate "2010.09.01"]

1. d4 Nf6 2. Nf3 e6 3. Bg5 Be7 4. Nbd2 b6 5. e3 Bb7 6. Bd3 O-O 7. O-O c5 8. c3
Ba6 9. Qe2 Bxd3 10. Qxd3 d6 11. Rfd1 Nbd7 12. h3 a6 13. a4 h6 14. Bf4 d5 15. b3
Qc8 16. Ne5 Nxe5 17. dxe5 Ne8 18. e4 Nc7 19. Qg3 Kh8 20. Qe3 Qb7 21. Kh1 b5 22.
g4 g5 23. Bg3 Rfd8 24. f3 d4 25. cxd4 Rxd4 26. Nf1 Rad8 27. Rxd4 cxd4 28. Qd3
Bb4 29. Rc1 bxa4 30. bxa4 a5 31. h4 Na6 32. hxg5 hxg5 33. Rc2 Kg7 34. Rh2 Nc5
35. Qe2 Rh8 36. Rxh8 Kxh8 37. Qh2+ Kg7 38. Qh5 Qe7 39. Bf2 Bc3 40. Ng3 Nd3 41.
Qh2 Nxf2+ 42. Qxf2 d3 43. Nh5+ Kg6 44. f4 d2 45. f5+ Kh6 46. Qf3 Qd8 47. Qd1
Qd3 0-1

[Event "32. Copenhagen Open (Politiken Cup)"]
[Site "Elsinore"]
[Date "2010.08.06"]
[Round "8"]
[White "Andersen, Daniel"]
[Black "Nielsen, Klaus"]
[Result "0-1"]
[WhiteElo "1926"]
[BlackElo "2095"]
[PlyCount "54"]
[EventDate "2010.07.31"]
[EventType "swiss"]
[EventRounds "10"]
[EventCountry "DEN"]
[Source "ChessBase"]
[SourceDate "2010.09.01"]

1. c4 e5 2. Nc3 d6 3. Nf3 Nf6 4. g3 Be7 5. Bg2 O-O 6. O-O c6 7. d4 Qc7 8. e4
Bg4 9. h3 Bh5 10. g4 Bg6 11. Nh4 Nbd7 12. Nf5 Rfe8 13. Be3 Bf8 14. f4 Rad8 15.
fxe5 dxe5 16. d5 Bxf5 17. exf5 Nb6 18. Qb3 cxd5 19. cxd5 Bc5 20. Nb5 Bxe3+ 21.
Qxe3 Qc4 22. Nc3 Nfxd5 23. Nxd5 Nxd5 24. Qxa7 Nf4 25. Qxb7 Rd2 26. Rf2 Qd4 27.
Raf1 Nd3 0-1

[Event "32. Copenhagen Open (Politiken Cup)"]
[Site "Elsinore"]
[Date "2010.08.06"]
[Round "8"]
[White "Andersen, Harry"]
[Black "Hansen, Rene Rauer"]
[Result "1-0"]
[WhiteElo "1871"]
[BlackElo "2028"]
[PlyCount "131"]
[EventDate "2010.07.31"]
[EventType "swiss"]
[EventRounds "10"]
[EventCountry "DEN"]
[Source "ChessBase"]
[SourceDate "2010.09.01"]

1. e4 d6 2. d4 Nf6 3. Nc3 e5 4. dxe5 dxe5 5. Qxd8+ Kxd8 6. Bg5 Be6 7. O-O-O+
Nbd7 8. Nf3 Kc8 9. a3 c6 10. h3 b5 11. Bh4 Nh5 12. g4 Nf4 13. Bg3 Ng6 14. Ng5
Bc5 15. Rd2 Re8 16. Nxe6 Rxe6 17. h4 Re7 18. Bg2 Ngf8 19. Rhd1 Ne6 20. Ne2 a5
21. g5 Ra7 22. Kb1 a4 23. Rd3 Rb7 24. f4 exf4 25. Nxf4 b4 26. axb4 Bxb4 27.
Nxe6 fxe6 28. h5 Re8 29. e5 Rc7 30. Bxc6 Rxc6 31. Rxd7 Re7 32. Rd8+ Kc7 33.
R8d4 Rb6 34. Ka2 Kc6 35. c3 Bc5 36. Rc4 Kb5 37. Rxc5+ Kxc5 38. Bf2+ Kb5 39.
Bxb6 Kxb6 40. g6 hxg6 41. hxg6 Kc5 42. Ka3 Rb7 43. Rd6 Rb3+ 44. Ka2 Rb5 45.
Rxe6 Kd5 46. Re7 Ra5 47. Rxg7 Kxe5 48. Rb7 Kf6 49. g7 Rg5 50. Ka3 Rg4 51. c4
Ke6 52. Kb4 Kd6 53. Kb5 Rg5+ 54. Kb6 Rg2 55. Ka5 Kc6 56. Rf7 Rg4 57. Kxa4 Rxc4+
58. b4 Rg4 59. Ka5 Rg1 60. b5+ Kc5 61. Rc7+ Kd6 62. b6 Ra1+ 63. Kb5 Ra8 64. b7
Ra1 65. g8=Q Rb1+ 66. Kc4 1-0

[Event "32. Copenhagen Open (Politiken Cup)"]
[Site "Elsinore"]
[Date "2010.08.06"]
[Round "8"]
[White "Andersson, Christin"]
[Black "Hjornevik, Knut Jarle"]
[Result "0-1"]
[WhiteElo "2129"]
[BlackElo "1981"]
[PlyCount "88"]
[EventDate "2010.07.31"]
[EventType "swiss"]
[EventRounds "10"]
[EventCountry "DEN"]
[Source "ChessBase"]
[SourceDate "2010.09.01"]

1. e4 c5 2. Nf3 g6 3. c3 Bg7 4. d4 cxd4 5. cxd4 d5 6. exd5 Qxd5 7. Nc3 Qd6 8.
Bb5+ Bd7 9. O-O Nf6 10. Ne5 Bxb5 11. Nxb5 Qb6 12. a4 O-O 13. Be3 Nd5 14. Nc4
Qd8 15. Nc3 Nc6 16. Re1 Ncb4 17. Qd2 e6 18. Nxd5 Nxd5 19. Bh6 Qe7 20. Bxg7 Kxg7
21. b3 Rfd8 22. Rad1 Qb4 23. Qc2 Rac8 24. Qe4 Nc3 25. Qe5+ f6 26. Qe3 Nxd1 27.
Rxd1 Rd7 28. g4 Qe7 29. h4 Rd5 30. f4 Rcd8 31. g5 b6 32. Qe4 Rxd4 33. Rxd4 Qc5
34. Qxe6 Qxd4+ 35. Ne3 fxg5 36. Qe7+ Kg8 37. hxg5 Qd7 38. Qe4 Re8 39. Qc4+ Qe6
40. Kf2 Qxc4 41. Nxc4 Kg7 42. Kf3 Re1 43. a5 b5 44. Nd6 Rb1 0-1

[Event "32. Copenhagen Open (Politiken Cup)"]
[Site "Elsinore"]
[Date "2010.08.06"]
[Round "8"]
[White "Barane, Simon"]
[Black "Andersen, Rune Egede"]
[Result "0-1"]
[WhiteElo "1808"]
[BlackElo "2100"]
[PlyCount "72"]
[EventDate "2010.07.31"]
[EventType "swiss"]
[EventRounds "10"]
[EventCountry "DEN"]
[Source "ChessBase"]
[SourceDate "2010.09.01"]

1. d4 d5 2. e4 e6 3. exd5 exd5 4. Bd3 Nc6 5. Nf3 Bg4 6. Qe2+ Qe7 7. Be3 O-O-O
8. c3 Nf6 9. h3 Bh5 10. g4 Bg6 11. Nbd2 Ne4 12. Bxe4 Bxe4 13. Nxe4 dxe4 14. Nd2
Qe6 15. Qc4 Rd5 16. b4 h5 17. O-O-O Be7 18. a4 a6 19. Bf4 b5 20. axb5 axb5 21.
Qa2 Kb7 22. Rde1 Nxb4 23. cxb4 Bxb4 24. Qc2 Rxd4 25. Qxc7+ Ka6 26. Kb2 Ba3+ 27.
Kxa3 Rc8 28. Qxc8+ Qxc8 29. Rc1 Qe6 30. Kb2 Qf6 31. Ra1+ Ra4+ 32. Kb3 Rxa1 33.
Rxa1+ Qxa1 34. gxh5 Qd1+ 35. Kc3 Qxh5 36. Nxe4 Qf3+ 0-1

[Event "32. Copenhagen Open (Politiken Cup)"]
[Site "Elsinore"]
[Date "2010.08.06"]
[Round "8"]
[White "Bejtovic, Jasmin"]
[Black "Molvig, Henrik"]
[Result "1-0"]
[WhiteElo "2382"]
[BlackElo "2179"]
[PlyCount "84"]
[EventDate "2010.07.31"]
[EventType "swiss"]
[EventRounds "10"]
[EventCountry "DEN"]
[Source "ChessBase"]
[SourceDate "2010.09.01"]

1. e4 c5 2. d3 Nc6 3. g3 g6 4. Bg2 Bg7 5. f4 e6 6. Nf3 d5 7. Nbd2 Nge7 8. O-O
O-O 9. e5 Qc7 10. c3 b6 11. Re1 Ba6 12. Nf1 d4 13. c4 Rad8 14. Ng5 Nf5 15. Qe2
Bb7 16. Ne4 Qe7 17. Qf2 f6 18. g4 Ne3 19. exf6 Bxf6 20. Nxf6+ Qxf6 21. Nxe3
dxe3 22. Qxe3 Rd6 23. Be4 Qh4 24. Qg3 Qxg3+ 25. hxg3 Ba8 26. f5 gxf5 27. gxf5
exf5 28. Bf4 Rd7 29. Bd5+ Rxd5 30. cxd5 Nd4 31. Re7 Bxd5 32. Kf2 Nc6 33. Rd7
Nb4 34. Ke2 Re8+ 35. Kd2 Bc6 36. Rd6 Bf3 37. Re1 Rxe1 38. Kxe1 Nxa2 39. Rd7 Nb4
40. Kd2 Nc6 41. Bh6 a6 42. Ke3 Nd4 1-0

[Event "32. Copenhagen Open (Politiken Cup)"]
[Site "Elsinore"]
[Date "2010.08.06"]
[Round "8"]
[White "Bjorneboe, Kristian"]
[Black "Rasmussen, Ole H"]
[Result "1-0"]
[WhiteElo "1979"]
[BlackElo "1746"]
[PlyCount "47"]
[EventDate "2010.07.31"]
[EventType "swiss"]
[EventRounds "10"]
[EventCountry "DEN"]
[Source "ChessBase"]
[SourceDate "2010.09.01"]

1. d4 Nf6 2. Nf3 e6 3. e3 d5 4. Bd3 c5 5. c3 Nc6 6. Nbd2 Qc7 7. O-O Bd6 8. Re1
O-O 9. dxc5 Bxc5 10. e4 Ng4 11. Rf1 Nce5 12. Nxe5 Nxe5 13. Bc2 Bd7 14. Nb3 Bd6
15. f4 Ng6 16. e5 Qb6+ 17. Kh1 Be7 18. Rf3 Nh4 19. Be3 Qc7 20. Rh3 f5 21. exf6
Bxf6 22. Rxh4 Bxh4 23. Qh5 Bf6 24. Bxh7+ 1-0

[Event "32. Copenhagen Open (Politiken Cup)"]
[Site "Elsinore"]
[Date "2010.08.06"]
[Round "8"]
[White "Boje, Tobias Rosholm"]
[Black "Andersen, Claus"]
[Result "1-0"]
[WhiteElo "2028"]
[BlackElo "1839"]
[PlyCount "41"]
[EventDate "2010.07.31"]
[EventType "swiss"]
[EventRounds "10"]
[EventCountry "DEN"]
[Source "ChessBase"]
[SourceDate "2010.09.01"]

1. e4 e5 2. Nf3 Nf6 3. Nxe5 d6 4. Nf3 Nxe4 5. Nc3 Nxc3 6. dxc3 Be7 7. Bf4 Nc6
8. Qd2 Be6 9. O-O-O Qd7 10. Kb1 O-O 11. h4 a6 12. Bd3 f6 13. h5 Bf5 14. Be2
Rad8 15. Nh4 Be6 16. g4 Ne5 17. Bxe5 dxe5 18. Qxd7 Rxd7 19. Rxd7 Bxd7 20. Bc4+
Kh8 21. Ng6+ 1-0